000
00273 a2200097 4500
001
33375
100
_a
Longuski, Jim
245
_a
Advice to rocket scientists: A career survival guide for scientists and engineers
260
_a
Virginia
_b
AIAA
_c
2004
090
_c
22243
_d
22243
942
_a
NUST-CAE
_c
M
_c
13607
999
_c
268448
_d
268448